Sci-Fi/Fantasy TV Show Theme Tunes Quiz Stats

 Plays Quiz not verified by Sporcle

Score 0/45 Timer 20:00
0 Plays Today
Start time Name of the show % Correct
00:00Doctor Who
94.6%
00:16Game of Thrones
82.1%
04:09The X-Files
68.5%
00:50Futurama
67.6%
01:36Star Trek
66.5%
08:55Star Trek The Next Generation
55.7%
00:32Stargate SG-1
51.7%
06:13Firefly
50.3%
07:10Buffy the Vampire Slayer
48%
03:23Star Trek Voyager
47.4%
09:28Star Trek Deep Space Nine
45.2%
07:03Star Trek Enterprise
40.1%
03:07Angel
38.9%
05:46Thunderbirds
38.1%
09:52Red Dwarf
37.2%
00:58Merlin
33.5%
07:38Stargate Atlantis
33%
08:05The Walking Dead
31%
09:08Farscape
30.7%
07:21Battlestar Galactica
29.5%
02:423rd Rock from the Sun
28.7%
06:00Quantum Leap
28.4%
07:52Fringe
25.6%
Start time Name of the show % Correct
03:58Battlestar Galactica
25%
05:32The Hitchhiker's Guide to the Galaxy
23.9%
01:05Babylon 5
22.7%
01:17Lois & Clark
22.4%
06:20The Sarah-Jane Adventures
22.4%
04:54Blake's 7
21.9%
09:40Roswell
17.3%
02:01Mork and Mindy
16.5%
09:17Primeval
16.5%
02:28The Prisoner
13.1%
08:24Joe 90
11.1%
06:51Andromeda
9.4%
04:17Defiance
8.8%
01:47Caprica
6.5%
02:12Terrahawks
5.7%
05:12Earth: Final Conflict
5.4%
03:42Lexx
4.8%
06:33Star Fleet
4.5%
04:27Bugs
3.7%
04:36Red vs. Blue
3.4%
08:35Crusade
3.1%
02:52Seven Days
2.6%

You're not logged in!

Compare scores with friends on all Sporcle quizzes.
Join for Free
OR
Log In

You Might Also Like...

Show Comments

Extras

Top Quizzes Today


Score Distribution

Your Account Isn't Verified!

In order to create a playlist on Sporcle, you need to verify the email address you used during registration. Go to your Sporcle Settings to finish the process.

Report this User

Report this user for behavior that violates our Community Guidelines.

Details: